Folded forms : (Record no. 8883)
[ view plain ]
| 000 -LEADER | |
|---|---|
| fixed length control field | 01402cam a2200385 i 4500 |
| 001 - CONTROL NUMBER | |
| control field | 22745946 |
| 003 - CONTROL NUMBER IDENTIFIER | |
| control field | OSt |
| 005 - DATE AND TIME OF LATEST TRANSACTION | |
| control field | 20260414133731.0 |
| 008 - FIXED-LENGTH DATA ELEMENTS--GENERAL INFORMATION | |
| fixed length control field | 220811s2023 paua b 000 0deng |
| 010 ## - LIBRARY OF CONGRESS CONTROL NUMBER | |
| LC control number | 2022944472 |
| 020 ## - INTERNATIONAL STANDARD BOOK NUMBER | |
| International Standard Book Number | 9780764366123 |
| Qualifying information | (hardcover) |
| 035 ## - SYSTEM CONTROL NUMBER | |
| System control number | 22745946 |
| 040 ## - CATALOGING SOURCE | |
| Original cataloging agency | DLC |
| Language of cataloging | eng |
| Description conventions | rda |
| Transcribing agency | DLC |
| 041 1# - LANGUAGE CODE | |
| Language code of text/sound track or separate title | eng |
| Language code of original | ger |
| 042 ## - AUTHENTICATION CODE | |
| Authentication code | pcc |
| 050 00 - LIBRARY OF CONGRESS CALL NUMBER | |
| Classification number | TT870 |
| Item number | .H39413 2023 |
| 082 ## - DEWEY DECIMAL CLASSIFICATION NUMBER | |
| Classification number | 736.982 H469 2023 |
| 100 1# - MAIN ENTRY--PERSONAL NAME | |
| Personal name | Heinz, Alexander |
| Titles and words associated with a name | (Author on geometry), |
| Relator term | author. |
| 240 10 - UNIFORM TITLE | |
| Uniform title | Faltformen. |
| Language of a work | English |
| 245 10 - TITLE STATEMENT | |
| Title | Folded forms : |
| Remainder of title | symmetrical and playful paper designs / |
| Statement of responsibility, etc. | Alexander Heinz. |
| 246 3# - VARYING FORM OF TITLE | |
| Title proper/short title | Symmetrical and playful paper designs |
| 264 #1 - PRODUCTION, PUBLICATION, DISTRIBUTION, MANUFACTURE, AND COPYRIGHT NOTICE | |
| Place of production, publication, distribution, manufacture | Atglen, PA : |
| Name of producer, publisher, distributor, manufacturer | Schiffer Publishing, |
| Date of production, publication, distribution, manufacture, or copyright notice | [2023] |
| 300 ## - PHYSICAL DESCRIPTION | |
| Extent | 175 pages : |
| Other physical details | illustrations ; |
| Dimensions | 27 cm |
| 336 ## - CONTENT TYPE | |
| Content type term | text |
| Content type code | txt |
| Source | rdacontent |
| 336 ## - CONTENT TYPE | |
| Content type term | still image |
| Content type code | sti |
| Source | rdacontent |
| 337 ## - MEDIA TYPE | |
| Media type term | unmediated |
| Media type code | n |
| Source | rdamedia |
| 338 ## - CARRIER TYPE | |
| Carrier type term | volume |
| Carrier type code | nc |
| Source | rdacarrier |
| 504 ## - BIBLIOGRAPHY, ETC. NOTE | |
| Bibliography, etc. note | Includes bibliographical references (page 169). |
| 505 2# - FORMATTED CONTENTS NOTE | |
| Formatted contents note | Spatial structures and symmetries -- Practical considerations -- Overview of modules, shapes, colors, and folds -- N models -- U models. |
| 650 #0 - SUBJECT ADDED ENTRY--TOPICAL TERM | |
| Topical term or geographic name entry element | Paper work |
| General subdivision | Technique. |
| 650 #0 - SUBJECT ADDED ENTRY--TOPICAL TERM | |
| Topical term or geographic name entry element | Symmetry (Art) |
| 906 ## - LOCAL DATA ELEMENT F, LDF (RLIN) | |
| a | 0 |
| b | ibc |
| c | orignew |
| d | 2 |
| e | epcn |
| f | 20 |
| g | y-gencatlg |
| 942 ## - ADDED ENTRY ELEMENTS (KOHA) | |
| Source of classification or shelving scheme | Dewey Decimal Classification |
| Koha item type | English Book |
| Suppress in OPAC | No |
| Withdrawn status | Lost status | Source of classification or shelving scheme | Damaged status | Not for loan | Home library | Current library | Date acquired | Total Checkouts | Full call number | Barcode | Date last seen | Price effective from | Koha item type |
|---|---|---|---|---|---|---|---|---|---|---|---|---|---|
| Dewey Decimal Classification | CENTRAL | TUWAIQ | 04/14/2026 | 736.982 H469 2023 | 1000000029191 | 04/14/2026 | 04/14/2026 | English Book |
